00900nam a22002417a 450000500170000000800410001704000090005804100080006708200210007510000260009624500210012226000830014330000290022636500210025552001050027665000420038165000370042365000330046070000280049394200120052199900190053395201060055220220708145459.0220708b ||||| |||| 00| 0 eng d cAloy aeng 223a327.54bGUPD aVijay Gupta Ed947793 aDhanyavaad India aNew Delhi:bThe High Commission of the Republic of South Africa in Indiac1946 aviii,131p.bHBc28x22cm. 2Poltical Science aA tribute to the heroes and heroines of India who supported the liberations struggle of South Africa aSouth African Leaders in India947789 aAfrican National Congress947790 aIndian Youth Congress947791 aGUPTA (Vijay) Ed947792 2ddccGF c223658d223658 00102ddc40708PSaALbALd2013-03-24l0o327.54 GUPDpGF03358r2022-07-08 00:00:00w2022-07-08yGF